[Event "Speed Chess Championship 2020"]
[Site "Online"]
[Date "2020.11.12"]
[Round "1.11"]
[White "Nakamura, Hikaru"]
[Black "Martirosyan, Haik M."]
[Result "1-0"]
[WhiteElo "2736"]
[BlackElo "2622"]
[Annotator "TA"]
[PlyCount "89"]
[EventDate "2020.10.31"]
[EventType "k.o."]
[SourceTitle "playchess.com"]
[Source "ChessBase"]
[SourceQuality "1"]

{[%evp 19,88,17,5,8,8,8,8,-8,12,-11,-8,-15,8,-30,-12,-19,-16,-30,-25,-32,-15,-2,0,0,17,25,17,0,27,22,34,24,57,49,78,43,62,71,106,122,148,52,61,40,269,259,262,256,309,316,337,293,527,482,623,567,905,584,584,577,667,665,627,520,602,599,593,584,655,627,29999]} 1. d4 Nf6 2. Nf3 e6 3. c4 b6 4. g3 Ba6 5. b3 Bb4+ 6. Bd2 Be7 7. Nc3 d5 8. cxd5 exd5 9. Bg2 O-O 10. O-O Re8 {10...Nbd7 is setting a new trend.} 11. Ne5 {E15: Queen's Indian: 4 g3 sidelines, 4 g3 Ba6 and 4 g3 Bb7 early deviations.} Bb7 12. Rc1 Nbd7 13. Bg5 {The position is equal.} h6 {[#]} 14. Bxf6 $146 (14. Bf4 {seems wilder.} Nf8 15. Bh3 Ba3 16. Rc2 a6 17. Nd3) ({Predecessor:} 14. Nxd7 Qxd7 15. Bxf6 Bxf6 16. e3 Be7 17. Qh5 c6 18. Rc2 Bb4 19. Ne2 a5 20. a4 {0-1 (68) Janik,I (2483)-Simantsev,M (2346) Katowice 2019}) 14... Nxf6 15. e3 Bd6 16. f4 c5 17. Qd2 cxd4 18. exd4 Rc8 19. Qd3 Bb4 {Threatening ...Bxc3.} 20. Bh3 Rxc3 21. Rxc3 Ba6 22. Qxa6 Bxc3 23. Qd3 Bb4 24. Rc1 Ba3 25. Rc2 Qd6 26. Qb5 Rf8 27. Bg2 h5 28. Bf3 g6 29. Rc6 Qd8 30. Kg2 ({Better is} 30. Qa6 $16 Bb2 31. Qd3 (31. Qxa7 Bxd4+ 32. Kg2 h4 $14)) 30... Kg7 31. Qa4 $36 {[%mdl 2048] White fights for an advantage.} Bb2 $2 {Black cannot hold the game after this.} (31... Qe7 $14) 32. Rc2 ({Weaker is} 32. Qxa7 Bxd4 33. a4 h4 $16) 32... Ba1 33. Qxa7 {[#] Black must now prevent Rc7.} Qa8 34. Qxb6 Rb8 35. Qc5 {Nxf7! is the strong threat.} Rd8 $2 (35... Qb7 36. Rc4 Re8) 36. a4 $18 Ne4 {[#]} 37. Qe7 $1 Nd6 38. Nc6 Nf5 39. Qe5+ {[%mdl 64] Double Attack} Kh6 {Black wants to play ...Re8.} 40. Nxd8 Qxd8 41. Rd2 Bc3 42. Rd3 Bb4 43. Qxd5 Qe7 44. Qe5 {[%cal Re5h8]} Qc7 45. Qh8# {Weighted Error Value: White=0.27/Black=0.48} 1-0

[Event "Speed Chess Championship 2020"]
[Site "Online"]
[Date "2020.11.16"]
[Round "1.11"]
[White "Artemiev, Vladislav"]
[Black "Giri, Anish"]
[Result "0-1"]
[WhiteElo "2708"]
[BlackElo "2764"]
[Annotator "TA"]
[PlyCount "52"]
[EventDate "2020.10.31"]
[EventType "k.o."]
[EventCountry "NET"]
[SourceTitle "playchess.com"]
[Source "ChessBase"]
[SourceQuality "1"]

{[%evp 9,52,-7,0,-2,7,-10,-2,-56,-49,-58,-29,-90,-42,-35,-47,-52,-41,-72,-76,-74,-83,-261,-256,-248,-244,-390,-387,-379,-375,-1365,-1393,-1406,-1412,-1397,-1415,-1409,-1406,-1406,-1381,-2259,-2255,-29984,-5612,-29993,-29994]} 1. d4 Nf6 2. Nc3 d5 3. Bf4 a6 4. e3 e6 5. g4 Bb4 6. Nge2 {D00: 1 d4 d5: Unusual lines.} O-O 7. a3 Be7 8. Ng3 {[#]} ({White should try} 8. g5 $11 Nh5 9. h4) 8... c5 $146 ({Predecessor:} 8... Ne8 9. h4 c5 10. g5 Nc6 11. Nce2 Qb6 12. Rb1 Nd6 13. h5 Nc4 14. c3 e5 15. dxe5 {0-1 (42) Tologontegin,S (2358)-Illingworth,M (2493) chess.com INT 2020}) 9. g5 Nfd7 10. Qh5 (10. h4 $11 {keeps the balance.}) 10... Re8 11. h4 ({Much worse is} 11. Bd3 g6 $17) 11... Nc6 12. O-O-O b5 13. dxc5 b4 14. axb4 Nxb4 15. e4 $2 {Loses the game.} (15. c6 $17 {keeps fighting.} Nxc6 16. Nge2 (16. Bd3 g6 $17)) 15... Qa5 16. Kb1 {[%cal Re4d5]} Nxc5 17. exd5 (17. Bg2 {was called for.} d4 18. Rxd4) 17... exd5 $19 18. Qf3 Be6 19. Nge2 $2 {[#]} (19. Be5 Bf8 20. Nge2) 19... Bf5 $1 {[%mdl 512]} 20. Nd4 {[#]} Nb3 $1 {[%mdl 576] Deflection, Decoy} 21. Nxb3 Bxc2+ {[%mdl 64] Double Attack} 22. Kc1 Bxb3 23. Bd3 Qa1+ 24. Bb1 Na2+ 25. Nxa2 Bxa2 (25... Rac8+ $142 26. Qc3 Rxc3+ 27. Nxc3 {[#]} Ba3 $1 {[%mdl 512]} 28. Rd2 d4 $1 {[%mdl 512]} 29. Be5 Rxe5 30. Nd5 Rxd5 31. Re2 Re5 $1 {[%mdl 512]} 32. Rc2 Bxc2 {[%mdl 64] Pin} 33. Kd2 Bxb1 34. Rxb1 Qxb1 35. bxa3 Re1 36. h5 Qd1#) 26. Qd3 Rac8+ {Weighted Error Value: White=1.22/Black=0.36} 0-1

[Event "Speed Chess Championship 2020"]
[Site "Online"]
[Date "2020.11.15"]
[Round "1.12"]
[White "Caruana, Fabiano"]
[Black "Duda, Jan-Krzysztof"]
[Result "1-0"]
[WhiteElo "2823"]
[BlackElo "2743"]
[Annotator "ChessBase"]
[PlyCount "109"]
[EventDate "2020.10.31"]
[EventType "k.o."]
[EventCountry "NET"]
[SourceTitle "playchess.com"]
[Source "ChessBase"]
[SourceQuality "1"]
[TimeControl "180+1"]

1. e4 {[%emt 0:00:01]} c5 {[%emt 0:00:01]} 2. Nf3 {[%emt 0:00:00]} d6 {[%emt 0:00:00]} 3. d4 {[%emt 0:00:01]} cxd4 {[%emt 0:00:00]} 4. Nxd4 {[%emt 0:00:00]} Nf6 {[%emt 0:00:00]} 5. Nc3 {[%emt 0:00:00]} a6 {[%emt 0:00:01]} 6. h4 {[%emt 0:00:01]} e5 {[%emt 0:00:01]} 7. Nb3 {[%emt 0:00:00]} Be6 {[%emt 0:00:00]} 8. f4 {[%emt 0:00:01]} exf4 {[%emt 0:00:00]} 9. Bxf4 {[%emt 0:00:00]} Nc6 {[%emt 0:00:01]} 10. Qd2 {[%emt 0:00:01]} d5 {[%emt 0:00:00]} 11. O-O-O {[%emt 0:00:01]} Bb4 {[%emt 0:00:01]} 12. Bg5 {[%emt 0:00:01]} Nxe4 {[%emt 0:00:14]} 13. Qe3 {[%emt 0:00:02]} Nxg5 {[%emt 0:00:00]} 14. Nxd5 {[%emt 0:00:01]} Bd6 {[%emt 0:00:02]} 15. hxg5 {[%emt 0:00:00]} Ne7 {[%emt 0:00:00]} 16. Bc4 {[%emt 0:00:02]} Nf5 {[%emt 0:00:37]} 17. Qd2 {[%emt 0:00:02]} Ng3 {[%emt 0:00:13]} 18. Rh4 {[%emt 0:00:04]} b5 {[%emt 0:00:07]} 19. Bd3 {[%emt 0:00:07]} Bxd5 {[%emt 0:00:12]} 20. Rd4 {[%emt 0:00:02]} Qc7 {[%emt 0:00:26]} 21. Qe1+ {[%emt 0:00:35]} Qe7 {[%emt 0:00:13]} 22. Rxd5 {[%emt 0:00:07]} Bf4+ {[%emt 0:00:05]} 23. Kb1 {[%emt 0:00:02]} Qxe1 {[%emt 0:00:01]} 24. Rxe1+ {[%emt 0:00:02]} Kf8 {[%emt 0:00:00]} 25. Nc5 {[%emt 0:00:26]} g6 {[%emt 0:00:01]} 26. Rd4 {[%emt 0:00:24]} Bxg5 {[%emt 0:00:22]} 27. Rg4 {[%emt 0:00:02]} Bd8 {[%emt 0:00:14]} 28. Rxg3 {[%emt 0:00:09]} Bh4 {[%emt 0:00:01]} 29. Ree3 {[%emt 0:00:04]} Bxg3 {[%emt 0:00:04]} 30. Rxg3 {[%emt 0:00:00]} Kg7 {[%emt 0:00:00]} 31. b4 {[%emt 0:00:01]} Rhe8 {[%emt 0:00:04]} 32. Kb2 {[%emt 0:00:02]} h5 {[%emt 0:00:01]} 33. a4 {[%emt 0:00:05]} bxa4 {[%emt 0:00:02]} 34. Bxa6 {[%emt 0:00:07]} Re5 {[%emt 0:00:09]} 35. Bc4 {[%emt 0:00:06]} h4 {[%emt 0:00:01]} 36. Rf3 {[%emt 0:00:04]} a3+ {[%emt 0:00:08]} 37. Rxa3 {[%emt 0:00:13]} Rxa3 {[%emt 0:00:00]} 38. Kxa3 {[%emt 0:00:00]} Rg5 {[%emt 0:00:01]} 39. Bf1 {[%emt 0:00:01]} Rf5 {[%emt 0:00:03]} 40. Bd3 {[%emt 0:00:14]} Rf2 {[%emt 0:00:01]} 41. b5 {[%emt 0:00:07]} Rxg2 {[%emt 0:00:01]} 42. b6 {[%emt 0:00:01]} h3 {[%emt 0:00:00]} 43. Be4 {[%emt 0:00:07]} Rd2 {[%emt 0:00:08]} 44. b7 {[%emt 0:00:04]} Rd8 {[%emt 0:00:01]} 45. Nd7 {[%emt 0:00:02]} f5 {[%emt 0:00:01]} 46. Bd5 {[%emt 0:00:03]} g5 {[%emt 0:00:01]} 47. b8=Q {[%emt 0:00:04]} Rxb8 {[%emt 0:00:01]} 48. Nxb8 {[%emt 0:00:00]} g4 {[%emt 0:00:00]} 49. Nc6 {[%emt 0:00:04]} Kf6 {[%emt 0:00:05]} 50. c4 {[%emt 0:00:01]} g3 {[%emt 0:00:01]} 51. Nd4 {[%emt 0:00:01]} g2 {[%emt 0:00:03]} 52. Ne2 {[%emt 0:00:02]} f4 {[%emt 0:00:02]} 53. c5 {[%emt 0:00:02]} Ke5 {[%emt 0:00:01]} 54. Bf3 {[%emt 0:00:00]} Ke6 {[%emt 0:00:01]} 55. c6 {[%emt 0:00:01]} 1-0

[Event "Speed Chess Championship 2020"]
[Site "Online"]
[Date "2020.11.11"]
[Round "1.12"]
[White "Aronian, Levon"]
[Black "Nepomniachtchi, Ian"]
[Result "1-0"]
[WhiteElo "2781"]
[BlackElo "2784"]
[Annotator "TA"]
[PlyCount "67"]
[EventDate "2020.10.31"]
[EventType "k.o."]
[SourceTitle "playchess.com"]
[Source "ChessBase"]
[SourceQuality "1"]

{[%evp 12,67,13,24,81,60,64,62,123,106,107,104,108,122,170,166,302,295,291,296,273,136,137,139,183,182,189,172,181,173,176,191,187,190,190,179,168,167,192,179,196,153,167,169,212,210,211,214,268,260,659,648,737,701,658,625,748,593]} 1. e4 e6 2. d4 d5 3. Nc3 Bb4 4. Bd3 c5 5. exd5 Qxd5 6. Bd2 Bxc3 7. Bxc3 {With the idea Qg4.} Qxg2 {C15: French: 3 Nc3 Bb4: Unusual White 4th moves.} (7... cxd4 $11 {keeps the balance.} 8. Bxd4 e5) 8. Qf3 $16 Qxf3 $1 9. Nxf3 cxd4 ({Black should play} 9... f6 $14) 10. Nxd4 ({Don't play} 10. Bxd4 $6 f6 $11) 10... Nf6 11. Nb5 {Black must now prevent Nc7+.} Na6 12. Rg1 $36 {[%mdl 2048] [#] Keeping Black busy.} Ke7 $146 ({Predecessor:} 12... Kf8 13. O-O-O Bd7 14. Nd6 Nc5 15. Bb4 b6 16. Nb7 Rc8 17. Ba6 Rc6 18. Bb5 Rc7 19. Nxc5 bxc5 {1-0 (29) Rudolf,M (2428)-Stopa,J (2304) Wysowa 2003}) 13. Rxg7 {Strongly threatening Nd6!} Bd7 {[#]} (13... Nc5 $142) 14. Nd6 $1 $18 {[%mdl 512]} Nd5 (14... Kxd6 15. Bxf6) 15. Nxf7 Rhg8 16. Nh6+ (16. Rxh7 $18 {is the precise move to win.} Nf6 17. Bxf6+ Kxf6 18. O-O-O) 16... Rxg7 $16 17. Bxg7 Nab4 18. Bxh7 Nf6 19. a3 {And now Bxf6+ would win.} Nbd5 20. Bd3 Nf4 21. O-O-O Rc8 22. Bxf6+ Kxf6 23. Ng4+ Ke7 24. Ne5 Be8 25. Be4 b6 26. Nd3 Nh3 27. Bg2 Ng5 28. h4 Nf7 29. Re1 Nd6 30. Bd5 Ba4 $2 (30... Bf7 31. Bxe6 Bxe6) 31. Rxe6+ $18 {White is clearly winning.} Kd7 32. Ne5+ Kc7 33. h5 Rf8 34. f3 {Weighted Error Value: White=0.12/Black=0.38} 1-0

[Event "Speed Chess Championship 2020"]
[Site "Online"]
[Date "2020.11.16"]
[Round "1.12"]
[White "Giri, Anish"]
[Black "Artemiev, Vladislav"]
[Result "1-0"]
[WhiteElo "2764"]
[BlackElo "2708"]
[Annotator "TA"]
[PlyCount "129"]
[EventDate "2020.10.31"]
[EventType "k.o."]
[EventCountry "NET"]
[SourceTitle "playchess.com"]
[Source "ChessBase"]
[SourceQuality "1"]

{[%evp 11,129,35,41,32,36,27,53,51,48,58,69,62,63,54,70,64,84,36,58,20,36,0,0,0,0,0,0,8,3,-24,-31,-62,-38,-40,-33,-70,-54,-102,-56,-75,-63,-79,-79,-144,-124,-124,-130,-131,-143,-129,-124,-152,-159,-171,-127,-142,-136,-372,-372,-355,-123,-133,-131,-130,-69,-66,-66,-75,-69,-75,-72,-74,-69,-71,0,0,0,-75,-8,-8,0,0,0,-8,-6,-79,-47,-51,0,0,0,-81,-90,-107,-97,-97,-97,-331,-346,-418,-428,-433,-437,-433,-433,-1091,-987,-1800,-329,-1150,-46,-46,-46,-46,-46,-46,-46,-46,-46,-46]} 1. e4 e5 2. Nf3 Nc6 3. d4 exd4 4. Nxd4 Bc5 5. Nb3 Bb4+ 6. c3 Be7 7. f4 {C45: Scotch Game.} d6 8. Bd3 Nf6 9. O-O {White is slightly better.} O-O 10. N1d2 Re8 11. Nf3 Bf8 12. Qc2 Qe7 {[%cal Rf6e4]} 13. Re1 {[#]} g6 $146 ({Predecessor:} 13... Bg4 14. Qf2 Bxf3 15. Qxf3 g6 16. Bd2 Bg7 17. Re2 Nd7 18. Rf1 Rad8 19. Qh3 Nb6 {½-½ (27) Banawa,J (2396)-Ali Marandi,C (2531) Saint Louis 2019}) 14. Nbd4 Bg7 15. Be3 Bg4 ({Wrong is} 15... Nxe4 $2 16. Bxe4 Bg4 17. Bf2 $18) 16. Bf2 (16. Nd2 {with more complications.} Bd7 17. h3 Nh5 18. N2f3 Bh6 19. Qc1) 16... Nxd4 17. Nxd4 c5 18. Nb3 Qc7 19. Nd2 Bd7 20. Kh1 Bc6 21. c4 Bh6 22. f5 Ng4 23. Bg1 Ne5 24. Be2 Qe7 25. Rad1 Rad8 26. b3 Qh4 27. Nf3 (27. fxg6 $142 fxg6 28. Rf1) 27... Qxe4 28. Qxe4 Bxe4 29. Nxe5 Rxe5 30. fxg6 hxg6 ({But not} 30... Bxg6 31. Bf3 $11) 31. Bf1 Rde8 {Hoping for ...Bxg2+!} 32. Re2 R8e6 33. h3 Bf4 34. Rde1 $2 (34. Bh2 $17 Bc6 35. Rf2 Bxh2 36. Kxh2) 34... Bg3 $19 35. Rd1 b6 $2 (35... Rh5 $19 {...Rxh3+ is the strong threat.} 36. Rxe4 Rxe4) 36. Bh2 Bxh2 37. Kxh2 f5 (37... Kf8 $17 38. Red2 Ke7) 38. Red2 $15 Kf7 39. Rxd6 Rxd6 40. Rxd6 {[%mdl 4096] Endgame KRB-KRB} Re6 41. Rd7+ Re7 42. Rd6 Re6 (42... Bb1 $1 $17 43. Rd2 Re3) 43. Rd7+ $11 Re7 (43... Kf6 $11) 44. Rd6 $17 {[#]} f4 (44... Bb1 $1 $17 45. Rd2 Re3) 45. Kg1 $11 Re6 46. Rd7+ Re7 47. Rd6 Bb1 48. Rd2 (48. Bd3 $11 {keeps the balance.}) 48... Bf5 49. Kf2 g5 (49... Re3 $15) 50. Be2 Rd7 51. Rb2 (51. Rxd7+ $1 $11 {was the only way to keep the balance.} Bxd7 52. Bg4 Bxg4 53. hxg4) 51... Kf6 $17 52. Bf3 Rd3 53. Re2 Rc3 54. Rd2 $2 {[#]} (54. Be4 $17) 54... Rc2 $1 $19 {[%cal Rc2d2]} 55. Ke2 Ke5 56. Kd1 Rxd2+ 57. Kxd2 {KB-KB} Kd4 58. Be2 (58. Bc6 $142 Bb1 59. Bb7) 58... Be4 59. Bf3 Bb1 $2 (59... Bxf3 60. gxf3 a6) 60. a3 $2 (60. Be2) 60... a5 $2 (60... Be4 $19 {White must now prevent ...Bxf3.} 61. Bg4 Bxg2) 61. a4 $15 {Black is slightly better.} Bd3 62. Bd1 Be4 63. Bf3 Bf5 64. Bd1 Be6 65. Bf3 {[%mdl 32768] Weighted Error Value: White=0.53/Black=0.41. Loss on time!?} 1-0

[Event "Speed Chess Championship 2020"]
[Site "Online"]
[Date "2020.11.04"]
[Round "1.12"]
[White "Fedoseev, Vladimir"]
[Black "Firouzja, Alireza"]
[Result "1-0"]
[WhiteElo "2676"]
[BlackElo "2749"]
[Annotator "TA"]
[PlyCount "147"]
[EventDate "2020.10.31"]
[EventType "k.o."]
[SourceTitle "playchess.com"]
[Source "ChessBase"]
[SourceQuality "1"]

{[%evp 17,147,34,43,31,37,26,37,29,37,35,46,29,39,38,52,0,0,0,0,0,43,27,21,21,22,18,37,37,31,23,95,82,86,89,86,99,193,217,264,216,386,96,146,102,371,370,331,298,279,275,235,124,124,125,258,234,247,218,245,222,221,212,234,156,293,211,277,268,377,365,402,420,450,425,397,384,510,492,476,32,0,0,0,0,0,0,0,0,0,0,0,0,0,0,0,0,0,0,0,0,0,0,0,0,6,12,44,47,69,26,18,28,66,0,0,0,0,0,0,0,0,0,0,0,0,0,0,0,12845,12843,12845,12846]} 1. d4 Nf6 2. c4 g6 3. g3 Bg7 4. Bg2 O-O 5. Nc3 d6 6. Nf3 Nc6 7. O-O e5 8. d5 Ne7 {8...Nb8 is the fancy move. Played by Magnus Carlsen in August 2020.} 9. e4 h6 10. b4 {E62: King's Indian: Fianchetto: 6...c6 and Panno Variation (6...Nc6) without ...a6.} a5 11. Ba3 axb4 12. Bxb4 {White is slightly better.} b6 13. a4 Ne8 {[#]} 14. Qb3 $146 ({Predecessor:} 14. a5 bxa5 15. Rxa5 Rxa5 16. Bxa5 f5 17. Nb5 fxe4 18. Nd2 e3 19. fxe3 Rxf1+ 20. Qxf1 {1-0 (47) Vaishali,R (2393)-Kotliar,M (2300) chess.com INT 2020}) 14... Rb8 15. Nb5 f5 16. a5 (16. Rfb1 $14) 16... bxa5 $11 17. Bxa5 fxe4 18. Nd2 Nf5 (18... Nxd5 $5 19. cxd5 Bd7 $15) 19. Nxe4 Nd4 20. Qd3 Bf5 21. Rfb1 Qd7 22. Bc3 {[%cal Rb5d4]} Nxb5 23. Rxb5 Rxb5 (23... Nf6 $11) 24. cxb5 $16 Nf6 25. Nxf6+ $1 Bxf6 26. Qc4 Rb8 (26... Rf7 $16) 27. Bf1 $1 $18 Bd8 28. Ra7 Bh3 $2 {[#]} (28... Qe7 29. f4 exf4 30. Qxf4 Qg5) 29. Bd3 $2 (29. Bxh3 $1 $18 {and the rest is easy.} Qxh3 {[#]} 30. Bxe5 $1 {[%mdl 512]}) 29... Bf5 30. Be2 {Threatens to win with g4.} h5 $2 {[%mdl 8192]} (30... Bh3 $16) 31. Ba5 Bh3 {If Black can now play ...Qf5 this consolidates a bit.} 32. Bxc7 Bxc7 33. Rxc7 Qf5 {Hoping for ...Ra8.} 34. f3 (34. Qb4 $18) 34... Qb1+ $16 35. Qc1 Qxc1+ (35... Rxb5 $16 {is a better defense.} 36. Bxb5 Qxb5) 36. Rxc1 {[%mdl 4096] Endgame KRB-KRB} Bd7 37. Kf2 Kf8 38. Ke3 Ke7 39. Rb1 Rb6 40. Bd3 Be8 (40... g5 $16 {might work better.} 41. f4 gxf4+ 42. gxf4 Be8) 41. Kd2 Bf7 42. Bc4 g5 (42... Rb8 $142 43. f4 exf4) 43. Kc3 $18 g4 44. fxg4 hxg4 45. Kb4 Rb8 46. Ra1 Be8 47. Ra7+ Kf6 {If only Black now had time for ...e4....} 48. Be2 $2 (48. Ra6 $18) 48... e4 $1 $14 49. Rc7 Ke5 50. Bc4 Kd4 51. Rg7 Rc8 52. Be2 Rc2 53. Bxg4 Rb2+ 54. Ka3 Rxb5 55. Re7 Ra5+ 56. Kb4 Rb5+ 57. Ka3 Ra5+ 58. Kb4 Ra8 59. Bf5 Rb8+ 60. Ka3 Ra8+ (60... Kc3 {seems wilder.} 61. Rc7+ Kd4 62. Re7) 61. Kb2 Rb8+ (61... Bb5 $5 {[%cal Rb5d3]}) 62. Kc1 Kxd5 63. Bxe4+ Kd4 64. Bf5 Bc6 65. g4 ({White should play} 65. h4 $1 $14) 65... Rh8 $11 66. Bh7 Rf8 67. g5 Rf1+ 68. Kd2 (68. Kb2 {keeps more tension.} Rf2+ 69. Ka3 Rxh2 70. g6 Bd5 71. Kb4) 68... Rf2+ 69. Re2 Rxe2+ 70. Kxe2 Ke5 71. h4 d5 72. Bd3 {Strongly threatening h5.} d4 $2 {[%mdl 8192]} (72... Kf4 $11) 73. h5 $18 Be8 74. h6 {Av CentiPawn Loss W=-22/B=-37. Weighted=-23/-40} 1-0

[Event "Speed Chess Championship 2020"]
[Site "Online"]
[Date "2020.11.04"]
[Round "1.12"]
[White "Maghsoodloo, Parham"]
[Black "Carlsen, Magnus"]
[Result "0-1"]
[WhiteElo "2676"]
[BlackElo "2862"]
[Annotator "TA"]
[PlyCount "68"]
[EventDate "2020.10.31"]
[EventType "k.o."]
[SourceTitle "playchess.com"]
[Source "ChessBase"]
[SourceQuality "1"]

{[%evp 9,68,-18,-8,-9,0,-18,-2,-68,-70,-80,-71,-73,-79,-73,-72,-82,-90,-94,-95,-98,-80,-89,-95,-75,-81,-80,-79,-154,-149,-223,-203,-202,-184,-235,-214,-214,-212,-221,-209,-195,-206,-297,-193,-194,-205,-189,-178,-179,0,-12,78,80,81,68,70,36,34,0,29,-512,-506]} 1. Nf3 d5 2. c4 d4 3. b4 c5 4. Bb2 a5 {[%cal Ba7a5,Ba5a4,Ba4a3][%mdl 32]} 5. b5 Nd7 {[#]} 6. e3 $146 {A09: Réti Opening: 1 Nf3 d5 2 c4.} ({Predecessor:} 6. g3 b6 7. Bg2 Bb7 8. O-O e5 9. d3 Be7 10. e3 Ngf6 11. exd4 exd4 12. Re1 {½-½ (21) Obona,J (2147)-Pagerka,M (2261) Slovakia 2013}) 6... e5 7. d3 Ngf6 8. exd4 (8. g3 $11) 8... cxd4 $15 9. Nbd2 a4 10. Be2 Bd6 11. O-O O-O 12. Re1 Re8 13. Bf1 h6 14. Qc2 a3 15. Bc1 Nc5 16. Nb3 Nfd7 17. Nfd2 b6 18. Nb1 (18. Nxc5 $142 Nxc5 19. Nb3) 18... Ne6 $17 19. N3d2 (19. g3 $17) 19... Bb7 20. Ne4 Bf8 21. Nbd2 (21. Ng3 {is a better defense.}) 21... f5 $19 22. Ng3 Qf6 23. Nb3 Ndc5 24. Bd2 Bd6 25. f3 (25. Bb4 {was worth a try.}) 25... Rad8 26. Bb4 Nxb3 27. Qxb3 Bxb4 28. Qxb4 {[#]} Ra8 $2 (28... Nc5 $1 $19 {And now ...e4 would win.} 29. Qd2 e4) 29. Qd6 $1 $11 {[%csl LRb6,LRe5][%mdl 64] Double Attack} Nc5 (29... f4 $11 {keeps the balance.} 30. Qxb6 Bxf3) 30. Qxf6 $16 gxf6 31. Nxf5 h5 32. h4 Kh7 33. Kf2 Kg6 34. g3 $2 {[%mdl 8192] [#]} (34. Nd6 $11 {and White stays safe.}) 34... Kxf5 {Av CentiPawn Loss W=-34/B=-16. Weighted=-71/-26} 0-1

[Event "Speed Chess Championship 2020"]
[Site "Online"]
[Date "2020.11.08"]
[Round "1.12"]
[White "Abdusattorov, Nodirbek"]
[Black "So, Wesley"]
[Result "1-0"]
[WhiteElo "2662"]
[BlackElo "2816"]
[Annotator "TA"]
[PlyCount "67"]
[EventDate "2020.10.31"]
[EventType "k.o."]
[SourceTitle "playchess.com"]
[Source "ChessBase"]
[SourceQuality "1"]

{[%evp 9,67,0,-4,-2,-3,-10,0,-22,-17,-25,-21,-27,-4,-39,0,0,0,-11,-16,-32,-26,-33,0,-26,-29,-32,-22,-23,-15,-17,0,0,-4,-9,-19,-23,0,0,37,-15,0,-20,38,37,37,37,31,0,8,2,100,83,89,102,153,41,368,359,850,835]} 1. e4 e5 2. Nf3 Nc6 3. Bb5 Nf6 4. d3 Bc5 5. Nc3 Nd4 6. Nxd4 {C48: Four Knights: 4 Bb5, replies other than 4...Bb4.} Bxd4 7. O-O O-O 8. Be3 $5 {[%mdl 4] The position is equal. Leaves trodden paths.} c6 {[#] White must now prevent ...Bxe3.} 9. Ba4 Bxe3 (9... a5 $5 10. a3 $8 Qb6 $11) 10. fxe3 {[#]} d5 $146 (10... b5 $5 11. Bb3 $8 a5 $11) ({Predecessor:} 10... Qb6 11. Qc1 d5 12. exd5 cxd5 13. Bb3 d4 14. exd4 Qxd4+ 15. Kh1 Qh4 16. Qe1 Qh5 {½-½ (32) Galarza,O (1588)-Garcia,H (1676) Medellin Antioquia 2016}) 11. Qf3 Be6 12. Bb3 a5 13. exd5 Nxd5 14. e4 Nf4 15. g3 Bxb3 (15... Nh3+ {feels hotter.} 16. Kh1 Ng5 17. Qe2 Bh3 18. Rf2 Qd7) 16. axb3 (16. gxf4 {looks sharper.} Qd4+ 17. Rf2 Bxc2 18. Kh1 Ba4 19. Rg1) 16... Ne6 17. Qe3 Qd4 18. Nd1 Qb4 19. Qf2 a4 20. bxa4 Rxa4 21. Rxa4 Qxa4 22. Ne3 Nd4 (22... f6 $11) 23. c3 $14 Ne6 24. Nf5 (24. Nc4 $14) 24... f6 25. Qb6 (25. Ne7+ {is more complex.} Kh8 26. Qf5 Qb3 27. Qh5 Rd8 28. Ng6+) 25... Qb5 (25... Rf7 $11) 26. Qxb5 cxb5 {[%mdl 4096] Endgame KRN-KRN} 27. Kf2 Ra8 28. Ke3 Ra2 29. Rf2 b6 (29... b4 $1 $11 {remains equal.}) 30. d4 $16 exd4+ 31. cxd4 Ra4 ({Better is} 31... Kf7) 32. b3 ({White should try} 32. e5 $16) 32... Rb4 $2 {[%mdl 8192]} (32... Ra3 $14) 33. Rb2 $18 {[#] Ne7+ is the strong threat.} g6 $2 (33... Kf8 34. Kd3 g6) 34. Ne7+ {Av CentiPawn Loss W=-12/B=-47. Weighted=-18/-54} 1-0